00521nmm a2200169Ia 4500008004100000020001800041041000800059100003400067245003200101264005300133300001800186490002100204650005100225856005100276942000700327999001700334251105s9999||||xx |||||||||||||||||und|| a9788486547103 aspa aAnglería, Pedro Mártir de 0aCartas sobre el Nuevo Mundo a[Madrid, España] :bEdiciones Polifemo, c1990 a157 páginas aEspejo navegante aHistory of the Americas: Pre-Columbian America uhttps://public.digitaliapublishing.com/a/18860 cCF c86948d86948